[Event "3. Open Internacional del Solsones"]
[Site "Solsona ESP"]
[Date "2005.08.16"]
[Round "6.11"]
[White "Baches Garcia, Guillermo"]
[Black "Gomez Luesia, Jesus"]
[Result "1-0"]
[WhiteElo "2355"]
[BlackElo "2190"]
[PlyCount "62"]
[EventDate "2005.08.12"]
[EventType "swiss"]
[EventRounds "9"]
[EventCountry "ESP"]
[Source "lmi"]
[SourceDate "2005.08.19"]

1. d4 Nf6 2. c4 e6 3. Nc3 Bb4 4. f3 Nh5 5. Nh3 Qh4+ 6. g3 Qe7 7. e4 e5 8. dxe5
Qxe5 9. Bd2 Nf6 10. a3 Bc5 11. Bf4 Qe7 12. b4 Bxb4 13. axb4 Qxb4 14. Qd2 d6 15.
Nb5 Qc5 16. Be3 Qc6 17. Nf4 O-O 18. Bd4 Nbd7 19. Nd5 Re8 20. Nb4 Rxe4+ 21. Kf2
Ng4+ 22. fxg4 Rxd4 23. Qxd4 Qxh1 24. Bg2 c5 25. Qb2 Qxh2 26. Rh1 Qxh1 27. Bxh1
cxb4 28. Nxd6 Nc5 29. Qd4 Ne6 30. Qd5 b3 31. Qf5 h6 1-0

[Event "3. Open Internacional del Solsones"]
[Site "Solsona ESP"]
[Date "2005.08.17"]
[Round "7.2"]
[White "Parligras, Mircea"]
[Black "Barrientos Chavarriaga, Sergio"]
[Result "1-0"]
[WhiteElo "2571"]
[BlackElo "2433"]
[PlyCount "73"]
[EventDate "2005.08.12"]
[EventType "swiss"]
[EventRounds "9"]
[EventCountry "ESP"]
[Source "lmi"]
[SourceDate "2005.08.19"]

1. e4 c5 2. Nf3 Nc6 3. Nc3 e6 4. d4 cxd4 5. Nxd4 Nf6 6. Nxc6 bxc6 7. e5 Nd5 8.
Ne4 Qa5+ 9. c3 f6 10. exf6 Nxf6 11. Nd6+ Bxd6 12. Qxd6 Qb6 13. Bd3 c5 14. Bf4
Bb7 15. O-O Rc8 16. c4 Rc6 17. Qe5 O-O 18. Rfe1 Bc8 19. Qc3 d6 20. Rad1 Qd8 21.
Bc2 Nh5 22. Be5 g6 23. Qd2 Qh4 24. Re4 Qd8 25. Bxd6 Rxd6 26. Qxd6 Qf6 27. Qxc5
Bb7 28. Qd4 Bxe4 29. Bxe4 Qg5 30. Qxa7 Qg4 31. Re1 Rd8 32. Bf3 Qxc4 33. Bxh5
gxh5 34. Qe7 Rd3 35. h4 Qg4 36. Qxe6+ Qxe6 37. Rxe6 1-0

[Event "3. Open Internacional del Solsones"]
[Site "Solsona ESP"]
[Date "2005.08.17"]
[Round "7.3"]
[White "Dunis, Aurelien"]
[Black "Fedorchuk, Sergey A"]
[Result "1/2-1/2"]
[WhiteElo "2485"]
[BlackElo "2571"]
[PlyCount "52"]
[EventDate "2005.08.12"]
[EventType "swiss"]
[EventRounds "9"]
[EventCountry "ESP"]
[Source "lmi"]
[SourceDate "2005.08.19"]

1. d4 Nf6 2. c4 e6 3. Nf3 b6 4. g3 Ba6 5. b3 Bb4+ 6. Bd2 Be7 7. Bg2 c6 8. Bc3
d5 9. Ne5 Nfd7 10. Nxd7 Nxd7 11. Nd2 O-O 12. O-O Rb8 13. a4 Bf6 14. e4 c5 15.
exd5 cxd4 16. Bb4 Nc5 17. a5 Bb7 18. axb6 axb6 19. dxe6 fxe6 20. Bxb7 Rxb7 21.
Re1 d3 22. Bxc5 bxc5 23. Ra2 Bd4 24. Ne4 Qb8 25. Rd2 Rxb3 26. Rxd3 Rb2 1/2-1/2

[Event "3. Open Internacional del Solsones"]
[Site "Solsona ESP"]
[Date "2005.08.17"]
[Round "7.6"]
[White "Neelotpal, Das"]
[Black "Baches Garcia, Guillermo"]
[Result "1-0"]
[WhiteElo "2467"]
[BlackElo "2355"]
[PlyCount "46"]
[EventDate "2005.08.12"]
[EventType "swiss"]
[EventRounds "9"]
[EventCountry "ESP"]
[Source "lmi"]
[SourceDate "2005.08.19"]

1. e4 c5 2. Nf3 d6 3. d4 cxd4 4. Nxd4 Nf6 5. Nc3 a6 6. Be3 e5 7. Nf3 Be7 8. Bc4
O-O 9. O-O Be6 10. Bb3 h6 11. Qe2 Nc6 12. Rad1 Rc8 13. Nh4 Na5 14. Bxe6 fxe6
15. Ng6 Re8 16. Nxe5 Qc7 17. Nd3 Nc4 18. Bc1 b5 19. Nf4 Bd8 20. Rfe1 Qc6 21.
Nb1 Bb6 22. Nd3 d5 23. e5 Ne4 1-0

[Event "3. Open Internacional del Solsones"]
[Site "Solsona ESP"]
[Date "2005.08.17"]
[Round "7.7"]
[White "Aloma Vidal, Roberto"]
[Black "Kazhgaleyev, Murtas"]
[Result "0-1"]
[WhiteElo "2350"]
[BlackElo "2619"]
[PlyCount "62"]
[EventDate "2005.08.12"]
[EventType "swiss"]
[EventRounds "9"]
[EventCountry "ESP"]
[Source "lmi"]
[SourceDate "2005.08.19"]

1. d4 Nf6 2. c4 g6 3. Nc3 Bg7 4. e4 d6 5. Nf3 O-O 6. Be2 e5 7. O-O Nc6 8. d5
Ne7 9. Nd2 a5 10. Rb1 Nd7 11. a3 f5 12. b4 Kh8 13. Nb3 axb4 14. axb4 Nf6 15. f3
f4 16. c5 g5 17. Bd2 Ng6 18. Ra1 Rxa1 19. Qxa1 g4 20. Be1 g3 21. hxg3 fxg3 22.
Bxg3 Bh6 23. Bh2 Nh5 24. g3 Ngf4 25. g4 Qh4 26. Qe1 Qh3 27. Rf2 Nxe2+ 28. Qxe2
Bxg4 29. fxg4 Rxf2 30. Kxf2 Qxh2+ 31. Ke1 Qg3+ 0-1

[Event "3. Open Internacional del Solsones"]
[Site "Solsona ESP"]
[Date "2005.08.17"]
[Round "7.8"]
[White "Epishin, Vladimir"]
[Black "Fernandez Fuentes, Francisco"]
[Result "1-0"]
[WhiteElo "2600"]
[BlackElo "2145"]
[PlyCount "63"]
[EventDate "2005.08.12"]
[EventType "swiss"]
[EventRounds "9"]
[EventCountry "ESP"]
[Source "lmi"]
[SourceDate "2005.08.19"]

1. d4 Nf6 2. c4 e6 3. Nf3 d5 4. Nc3 c6 5. e3 Nbd7 6. Qc2 Bd6 7. g4 Bb4 8. Bd2
Qe7 9. Rg1 Bxc3 10. Bxc3 Ne4 11. O-O-O b6 12. Be1 Bb7 13. Kb1 c5 14. cxd5 exd5
15. dxc5 bxc5 16. Bb5 Nd6 17. Bxd7+ Qxd7 18. Qxc5 O-O 19. Bb4 Ne4 20. Qe7 Qxe7
21. Bxe7 Nxf2 22. Bxf8 Nxd1 23. Bxg7 Nxe3 24. Bd4 Nc4 25. Re1 a5 26. Re7 Ba6
27. a4 Rd8 28. b3 Nd6 29. Ne5 f6 30. Nd7 Bd3+ 31. Kb2 Ne4 32. g5 1-0

[Event "3. Open Internacional del Solsones"]
[Site "Solsona ESP"]
[Date "2005.08.17"]
[Round "7.9"]
[White "Zagrebelny, Sergey"]
[Black "Camacho Collados, Jose"]
[Result "1-0"]
[WhiteElo "2510"]
[BlackElo "2236"]
[PlyCount "115"]
[EventDate "2005.08.12"]
[EventType "swiss"]
[EventRounds "9"]
[EventCountry "ESP"]
[Source "lmi"]
[SourceDate "2005.08.19"]

1. e4 e5 2. Nf3 Nf6 3. Nxe5 d6 4. Nf3 Nxe4 5. d4 d5 6. Bd3 Bd6 7. O-O O-O 8.
Re1 Bf5 9. c4 c6 10. Qb3 Na6 11. cxd5 Nec5 12. dxc5 Nxc5 13. Bxf5 Nxb3 14. axb3
cxd5 15. Rd1 Qf6 16. Bd3 Bb4 17. Na3 Rac8 18. Nc2 Bc5 19. b4 Bb6 20. Ncd4 Rfe8
21. Bg5 Qd6 22. Bd2 a6 23. Bc3 f6 24. Rd2 Bc7 25. Bc2 Qd8 26. Bb3 Bf4 27. Rd3
Kh8 28. g3 Be5 29. Ra5 Qb6 30. Rxd5 Bd6 31. Nc2 Bf8 32. Bd4 Qe6 33. Be3 Qe4 34.
Kg2 g5 35. R5d4 Qg6 36. h4 g4 37. Nd2 h5 38. Bf4 Re2 39. Kf1 Re7 40. Ne3 Ree8
41. Ke2 b6 42. Rd7 Re7 43. R7d4 Ree8 44. Bd5 a5 45. bxa5 bxa5 46. Be4 f5 47.
Bb7 Rc2 48. b3 Qb6 49. Bd5 Bb4 50. Bf7 Qc6 51. Bd5 Qb6 52. Kf1 Rc1+ 53. Kg2 Bc5
54. Rc4 Ra1 55. Rc2 Bd4 56. Rc6 Qb5 57. Rh6+ Kg7 58. Nxf5+ 1-0

[Event "3. Open Internacional del Solsones"]
[Site "Solsona ESP"]
[Date "2005.08.17"]
[Round "7.10"]
[White "Llanes Luno, Pedro Alfredo"]
[Black "Gonzalez, Yuri"]
[Result "0-1"]
[WhiteElo "2146"]
[BlackElo "2495"]
[PlyCount "68"]
[EventDate "2005.08.12"]
[EventType "swiss"]
[EventRounds "9"]
[EventCountry "ESP"]
[Source "lmi"]
[SourceDate "2005.08.19"]

1. Nf3 d5 2. g3 Nf6 3. Bg2 e6 4. d3 b6 5. O-O Bb7 6. Nbd2 c5 7. e4 Be7 8. Qe2
Nc6 9. c3 O-O 10. e5 Nd7 11. Re1 b5 12. Nf1 b4 13. h4 a5 14. h5 Ba6 15. N1h2
Rb8 16. c4 dxc4 17. dxc4 b3 18. a3 Qc7 19. Bf1 Bb7 20. Bf4 Rfd8 21. Qe3 Nd4 22.
Nxd4 cxd4 23. Qxb3 Ba8 24. Qd1 Qc6 25. f3 Rxb2 26. Bc1 Rbb8 27. Kg2 Nc5 28. Ng4
Nb3 29. Rb1 Nxc1 30. Rxc1 Rb2+ 31. Nf2 Bxa3 32. Ra1 Bb4 33. Re4 Rd2 34. Qe1 d3
0-1

[Event "3. Open Internacional del Solsones"]
[Site "Solsona ESP"]
[Date "2005.08.17"]
[Round "7.11"]
[White "Alcaide Luque, Aitor"]
[Black "Grigore, George Gabriel"]
[Result "0-1"]
[WhiteElo "2082"]
[BlackElo "2479"]
[PlyCount "50"]
[EventDate "2005.08.12"]
[EventType "swiss"]
[EventRounds "9"]
[EventCountry "ESP"]
[Source "lmi"]
[SourceDate "2005.08.19"]

1. d4 Nf6 2. Bg5 Ne4 3. Bf4 c5 4. f3 Qa5+ 5. c3 Nf6 6. d5 Qb6 7. e4 Qxb2 8. Nd2
Qxc3 9. Bc7 b6 10. Ne2 Qa5 11. Nf4 Na6 12. Be5 d6 13. Bb2 Nc7 14. Kf2 Ba6 15.
e5 dxe5 16. Bxe5 O-O-O 17. Nb3 Qa3 18. Rc1 Nfxd5 19. Qc2 e6 20. Bb2 Qa4 21.
Nxd5 Rxd5 22. Bxa6+ Nxa6 23. Rhe1 Nb4 24. Re4 Kb7 25. Nxc5+ Bxc5+ 0-1

[Event "3. Open Internacional del Solsones"]
[Site "Solsona ESP"]
[Date "2005.08.17"]
[Round "7.13"]
[White "Pique Safont, Juan Manuel"]
[Black "Zimmerman, Yuri"]
[Result "0-1"]
[WhiteElo "2027"]
[BlackElo "2375"]
[PlyCount "70"]
[EventDate "2005.08.12"]
[EventType "swiss"]
[EventRounds "9"]
[EventCountry "ESP"]
[Source "lmi"]
[SourceDate "2005.08.19"]

1. d4 d6 2. e4 Nf6 3. Nc3 g6 4. f4 Bg7 5. Nf3 c5 6. Bb5+ Bd7 7. e5 Ng4 8. Bxd7+
Qxd7 9. d5 dxe5 10. h3 e4 11. Nxe4 Nf6 12. Nxf6+ Bxf6 13. O-O Qd6 14. Qd3 O-O
15. Be3 Na6 16. a3 Nc7 17. c4 b5 18. Ne5 e6 19. b4 cxb4 20. axb4 bxc4 21. Qxc4
Nxd5 22. Bc5 Qc7 23. Qe4 Rfc8 24. Rfc1 a5 25. Ng4 Bg7 26. Bd4 Qxc1+ 27. Rxc1
Rxc1+ 28. Kh2 Rc4 29. Nh6+ Bxh6 30. Qd3 Rxd4 31. Qxd4 axb4 32. g3 b3 33. Qc4 b2
34. Qb3 Bg7 35. Kg2 Nc3 0-1

[Event "3. Open Internacional del Solsones"]
[Site "Solsona ESP"]
[Date "2005.08.18"]
[Round "8.1"]
[White "Tiviakov, Sergei"]
[Black "Parligras, Mircea"]
[Result "1-0"]
[WhiteElo "2678"]
[BlackElo "2571"]
[PlyCount "47"]
[EventDate "2005.08.12"]
[EventType "swiss"]
[EventRounds "9"]
[EventCountry "ESP"]
[Source "lmi"]
[SourceDate "2005.08.19"]

1. e4 c5 2. c3 Nf6 3. e5 Nd5 4. Bc4 e6 5. d4 cxd4 6. Bxd5 exd5 7. Qxd4 Nc6 8.
Qxd5 d6 9. exd6 Bxd6 10. Bg5 Ne7 11. Qf3 O-O 12. Ne2 Qb6 13. b3 Qb5 14. Bxe7
Bxe7 15. Nd2 a5 16. O-O Ra6 17. Nd4 Qd7 18. Rad1 Rg6 19. Rfe1 b6 20. Nc4 Rf6
21. Ne5 Qc7 22. Qg3 Bc5 23. Ng4 Rf4 24. Nf6+ 1-0

[Event "3. Open Internacional del Solsones"]
[Site "Solsona ESP"]
[Date "2005.08.18"]
[Round "8.2"]
[White "Fedorchuk, Sergey A"]
[Black "Pogorelov, Ruslan"]
[Result "1-0"]
[WhiteElo "2571"]
[BlackElo "2442"]
[PlyCount "89"]
[EventDate "2005.08.12"]
[EventType "swiss"]
[EventRounds "9"]
[EventCountry "ESP"]
[Source "lmi"]
[SourceDate "2005.08.19"]

1. e4 e6 2. d4 d5 3. Nd2 c5 4. Ngf3 cxd4 5. exd5 Qxd5 6. Bc4 Qd6 7. O-O Nf6 8.
Nb3 Nc6 9. Nbxd4 Nxd4 10. Nxd4 a6 11. Bb3 Qc7 12. Qf3 Bd6 13. h3 O-O 14. Bg5
Nd7 15. c3 Ne5 16. Qh5 b5 17. Rad1 Bb7 18. f4 Nc4 19. f5 f6 20. Nxe6 Qc6 21.
Qf3 Qxf3 22. gxf3 fxg5 23. Bxc4 bxc4 24. Rxd6 Rxf5 25. Rd7 Rf7 26. Rfd1 Rxd7
27. Rxd7 Bxf3 28. Rxg7+ Kh8 29. Rxg5 Re8 30. Nd4 Bb7 31. Kf2 Bc8 32. h4 Re4 33.
Rc5 Bb7 34. Kg3 Re3+ 35. Kf4 Rh3 36. Nf5 h5 37. Rxc4 Rh2 38. Rb4 Bd5 39. a4 Rg2
40. Ke5 Bg8 41. a5 Rd2 42. Rb8 Kh7 43. Rb7+ Kh8 44. b4 Rd3 45. Rc7 1-0

[Event "3. Open Internacional del Solsones"]
[Site "Solsona ESP"]
[Date "2005.08.18"]
[Round "8.3"]
[White "Horvath, Csaba"]
[Black "Dunis, Aurelien"]
[Result "1/2-1/2"]
[WhiteElo "2452"]
[BlackElo "2485"]
[PlyCount "90"]
[EventDate "2005.08.12"]
[EventType "swiss"]
[EventRounds "9"]
[EventCountry "ESP"]
[Source "lmi"]
[SourceDate "2005.08.19"]

1. c4 c6 2. Nf3 d5 3. e3 Nf6 4. Qc2 a6 5. h3 Nbd7 6. d4 e6 7. b3 b6 8. Nbd2 Bb7
9. Bb2 Rc8 10. Bd3 c5 11. O-O Bd6 12. e4 cxd4 13. Nxd4 dxc4 14. Nxc4 Ne5 15.
Rad1 O-O 16. Qe2 Nxd3 17. Rxd3 Bxe4 18. Re3 Bg6 19. Rd1 Nd5 20. Nxe6 fxe6 21.
Rxe6 Nf4 22. Qg4 Qc7 23. Nxd6 Bh5 24. Nxc8 Bxg4 25. Re7 Qc2 26. Rxg7+ Kh8 27.
Rf7+ Qxb2 28. Rxf8+ Kg7 29. Rdd8 Bxc8 30. Rg8+ Kh6 31. Rxc8 Ng6 32. Rc6 Qa1+
33. Kh2 Qe5+ 34. g3 Qd5 35. Rgc8 Qd2 36. Rc2 Qe1 37. R8c6 Qd1 38. a4 a5 39. Kg2
Qd5+ 40. Kh2 Qxb3 41. f4 Qxa4 42. f5 b5 43. fxg6 hxg6 44. R2c5 b4 45. Rc7 Qa2+
1/2-1/2

[Event "3. Open Internacional del Solsones"]
[Site "Solsona ESP"]
[Date "2005.08.18"]
[Round "8.4"]
[White "Kazhgaleyev, Murtas"]
[Black "Almeida, Omar"]
[Result "1/2-1/2"]
[WhiteElo "2619"]
[BlackElo "2462"]
[PlyCount "71"]
[EventDate "2005.08.12"]
[EventType "swiss"]
[EventRounds "9"]
[EventCountry "ESP"]
[Source "lmi"]
[SourceDate "2005.08.19"]

1. d4 f5 2. g3 Nf6 3. Bg2 g6 4. Nf3 Bg7 5. O-O O-O 6. b4 d6 7. Bb2 c6 8. c4 Kh8
9. Nbd2 Na6 10. Qb3 Nc7 11. a4 a6 12. Rfe1 Be6 13. Ng5 Bg8 14. Qc2 d5 15. Rac1
Nce8 16. Ngf3 Nd6 17. Ne5 Nfe4 18. Nxe4 fxe4 19. c5 Nf5 20. e3 Be6 21. f4 exf3
22. Nxf3 Qc7 23. Bc3 Rad8 24. h3 Nh6 25. g4 Nf7 26. Rf1 Bf6 27. Ne1 Ng5 28. Rf4
Ne4 29. Bxe4 dxe4 30. Ng2 g5 31. Rf2 Qg3 32. d5 Bxd5 33. Rcf1 Kg8 34. Bxf6 exf6
35. Rxf6 Qxh3 36. Qe2 1/2-1/2

[Event "3. Open Internacional del Solsones"]
[Site "Solsona ESP"]
[Date "2005.08.18"]
[Round "8.5"]
[White "Barrientos Chavarriaga, Sergio"]
[Black "Epishin, Vladimir"]
[Result "1/2-1/2"]
[WhiteElo "2433"]
[BlackElo "2600"]
[PlyCount "54"]
[EventDate "2005.08.12"]
[EventType "swiss"]
[EventRounds "9"]
[EventCountry "ESP"]
[Source "lmi"]
[SourceDate "2005.08.19"]

1. e4 c5 2. Nf3 e6 3. d4 cxd4 4. Nxd4 a6 5. Bd3 Bc5 6. Nb3 Be7 7. Be3 d5 8.
exd5 Qxd5 9. O-O Nf6 10. c4 Qc6 11. Nc3 Nbd7 12. Be2 O-O 13. Rc1 Rd8 14. Qe1
Qc7 15. c5 Ne5 16. Bf4 Nf3+ 17. Bxf3 Qxf4 18. Ne2 Qg5 19. Ned4 Nd5 20. c6 Bf6
21. Qa5 bxc6 22. Nxc6 Re8 23. Nc5 Bxb2 24. Rc2 Bf6 25. Ne4 Qf4 26. Nxf6+ Qxf6
27. Nb4 Bb7 1/2-1/2

[Event "3. Open Internacional del Solsones"]
[Site "Solsona ESP"]
[Date "2005.08.18"]
[Round "8.8"]
[White "Gonzalez, Yuri"]
[Black "Neelotpal, Das"]
[Result "1-0"]
[WhiteElo "2495"]
[BlackElo "2467"]
[PlyCount "89"]
[EventDate "2005.08.12"]
[EventType "swiss"]
[EventRounds "9"]
[EventCountry "ESP"]
[Source "lmi"]
[SourceDate "2005.08.19"]

1. d4 Nf6 2. c4 c5 3. d5 b5 4. cxb5 a6 5. bxa6 g6 6. Nc3 Bxa6 7. Nf3 d6 8. g3
Nbd7 9. Bg2 Bg7 10. Rb1 Nb6 11. b3 O-O 12. O-O Bb7 13. e4 e6 14. dxe6 fxe6 15.
Ng5 Qd7 16. f4 h6 17. Nh3 e5 18. Bd2 Ba6 19. Re1 exf4 20. Nxf4 Ng4 21. Bh3 Bd4+
22. Kg2 h5 23. Nce2 Be5 24. Nxg6 Rf2+ 25. Kg1 Bxe2 26. Rxe2 Bd4 27. Kh1 Rxa2
28. Bxg4 Qxg4 29. Rxf2 Qxe4+ 30. Rf3 Qxg6 31. Be3 Bg7 32. Bg1 Qe4 33. Qd3 Qc6
34. Re1 Nd7 35. Re8+ Nf8 36. Qe4 d5 37. Qe7 d4 38. Rexf8+ Bxf8 39. Qxf8+ Kh7
40. Qf5+ Kh6 41. h4 Rb2 42. Qg5+ Kh7 43. Qxh5+ Kg7 44. Qg4+ Kh8 45. Bxd4+ 1-0

[Event "3. Open Internacional del Solsones"]
[Site "Solsona ESP"]
[Date "2005.08.18"]
[Round "8.11"]
[White "LLorente Zaro, Alfonso"]
[Black "Gomez Luesia, Jesus"]
[Result "1-0"]
[WhiteElo "2355"]
[BlackElo "2190"]
[PlyCount "53"]
[EventDate "2005.08.12"]
[EventType "swiss"]
[EventRounds "9"]
[EventCountry "ESP"]
[Source "lmi"]
[SourceDate "2005.08.19"]

1. d4 Nf6 2. c4 e6 3. g3 c5 4. d5 exd5 5. cxd5 d6 6. Nc3 g6 7. Bg2 Bg7 8. Nf3
O-O 9. O-O a6 10. a4 Qe7 11. Nd2 Nbd7 12. e4 Nh5 13. f4 Bd4+ 14. Kh1 Ndf6 15.
f5 h6 16. g4 Ng7 17. Qf3 Nd7 18. Nc4 g5 19. Qh3 Kh7 20. f6 Bxf6 21. e5 Nxe5 22.
Nxe5 Bxe5 23. Be4+ f5 24. Bc2 Bd7 25. gxf5 Bxc3 26. f6+ Kg8 27. fxe7 1-0

[Event "3. Open Internacional del Solsones"]
[Site "Solsona ESP"]
[Date "2005.08.18"]
[Round "8.12"]
[White "Lorenzo de la Riva, Lazaro"]
[Black "Bruned, Yvalin"]
[Result "0-1"]
[WhiteElo "2314"]
[BlackElo "2212"]
[PlyCount "66"]
[EventDate "2005.08.12"]
[EventType "swiss"]
[EventRounds "9"]
[EventCountry "ESP"]
[Source "lmi"]
[SourceDate "2005.08.19"]

1. e4 c5 2. Nf3 d6 3. d4 cxd4 4. Nxd4 Nf6 5. Nc3 a6 6. g3 Nc6 7. Bg2 Bd7 8. O-O
e6 9. a4 Be7 10. Nb3 O-O 11. a5 Ne5 12. f4 Nc4 13. g4 Ne8 14. g5 b6 15. Qh5 g6
16. Qh6 Ng7 17. Rf3 Nh5 18. Rh3 Re8 19. Rxh5 gxh5 20. Bf1 Nxa5 21. Nxa5 bxa5
22. Be3 Bf8 23. Qxh5 f6 24. h4 Bg7 25. Bd3 Rb8 26. g6 hxg6 27. Qxg6 Qe7 28. Kf2
Qf7 29. Qg3 Rxb2 30. Bc1 Rb6 31. Rxa5 Rc8 32. Be3 Rbc6 33. Na2 Rxc2+ 0-1

[Event "3. Open Internacional del Solsones"]
[Site "Solsona ESP"]
[Date "2005.08.19"]
[Round "9.2"]
[White "Parligras, Mircea"]
[Black "Macieja, Bartlomiej"]
[Result "1-0"]
[WhiteElo "2571"]
[BlackElo "2593"]
[PlyCount "95"]
[EventDate "2005.08.12"]
[EventType "swiss"]
[EventRounds "9"]
[EventCountry "ESP"]
[Source "lmi"]
[SourceDate "2005.08.19"]

1. e4 e5 2. Nf3 Nc6 3. Bb5 Nf6 4. O-O Bc5 5. c3 O-O 6. d4 Bb6 7. Bg5 h6 8. Bh4
d6 9. Qd3 Bd7 10. Nbd2 Re8 11. a4 a6 12. Bc4 Bg4 13. Rfe1 Bh5 14. Bd5 g5 15.
Bg3 Nd7 16. Nc4 Qf6 17. dxe5 Ndxe5 18. Nfxe5 Nxe5 19. Nxe5 dxe5 20. a5 Ba7 21.
Bxb7 Rab8 22. Qxa6 Qxa6 23. Bxa6 Rxb2 24. Reb1 Reb8 25. Rxb2 Rxb2 26. Bc4 Bg6
27. Bd5 c6 28. Bxc6 f6 29. Bd5+ Kf8 30. Kf1 Be8 31. a6 Ke7 32. f3 Kd6 33. Be1
f5 34. c4 fxe4 35. Bxe4 Bf7 36. Rd1+ Ke7 37. Bd5 Bg6 38. Rd2 Rb6 39. Bb7 Bf7
40. Rc2 Bg6 41. Rc3 Rb2 42. c5 Kd7 43. Bg3 Rb1+ 44. Ke2 Rb2+ 45. Ke1 Rb1+ 46.
Kd2 Rb2+ 47. Kd1 Rb5 48. Bxe5 1-0

[Event "3. Open Internacional del Solsones"]
[Site "Solsona ESP"]
[Date "2005.08.19"]
[Round "9.3"]
[White "Zagrebelny, Sergey"]
[Black "Horvath, Csaba"]
[Result "1/2-1/2"]
[WhiteElo "2510"]
[BlackElo "2452"]
[PlyCount "31"]
[EventDate "2005.08.12"]
[EventType "swiss"]
[EventRounds "9"]
[EventCountry "ESP"]
[Source "lmi"]
[SourceDate "2005.08.19"]

1. e4 c5 2. Nf3 e6 3. d4 cxd4 4. Nxd4 a6 5. Bd3 Bc5 6. Nb3 Be7 7. Qg4 g6 8. Qe2
d6 9. O-O Nd7 10. Na3 Qc7 11. Kh1 b6 12. Nc4 Bb7 13. a4 Ngf6 14. Bh6 Bf8 15.
Bd2 d5 16. exd5 1/2-1/2

[Event "3. Open Internacional del Solsones"]
[Site "Solsona ESP"]
[Date "2005.08.19"]
[Round "9.4"]
[White "Dunis, Aurelien"]
[Black "Gonzalez, Yuri"]
[Result "1-0"]
[WhiteElo "2485"]
[BlackElo "2495"]
[PlyCount "106"]
[EventDate "2005.08.12"]
[EventType "swiss"]
[EventRounds "9"]
[EventCountry "ESP"]
[Source "lmi"]
[SourceDate "2005.08.19"]

1. d4 Nf6 2. c4 c5 3. Nf3 cxd4 4. Nxd4 e5 5. Nb5 d5 6. cxd5 a6 7. N5c3 Bc5 8.
e3 O-O 9. Bd3 Re8 10. Qc2 g6 11. e4 Nh5 12. Ne2 Nd7 13. Nd2 Ba7 14. O-O Nc5 15.
Nb3 Nxd3 16. Qxd3 f5 17. Be3 fxe4 18. Qd2 Bf5 19. Rad1 Qd6 20. h3 Nf6 21. Bxa7
Rxa7 22. Nc3 b5 23. Qe3 Rc7 24. Nd2 Nxd5 25. Ndxe4 Nxe3 26. Nxd6 Nxd1 27. Nxe8
Rxc3 28. bxc3 Nxc3 29. a3 Bd3 30. Re1 e4 31. f3 a5 32. Nf6+ Kf7 33. Nxe4 Nxe4
34. fxe4 b4 35. axb4 axb4 36. Rd1 Bc2 37. Rd6 b3 38. Rb6 Bxe4 39. Rxb3 h5 40.
Rb5 Kf6 41. h4 Kg7 42. Kf2 Kh6 43. g3 Bd3 44. Rc5 Bb1 45. Ke3 Ba2 46. Kf4 Bb1
47. Rc6 Ba2 48. Ke5 Bb1 49. Kf6 Bf5 50. Rb6 Be4 51. Rb8 Kh7 52. Kg5 Kg7 53. Rc8
Bd3 1-0

[Event "3. Open Internacional del Solsones"]
[Site "Solsona ESP"]
[Date "2005.08.19"]
[Round "9.5"]
[White "Baches Garcia, Guillermo"]
[Black "Kazhgaleyev, Murtas"]
[Result "1-0"]
[WhiteElo "2355"]
[BlackElo "2619"]
[PlyCount "65"]
[EventDate "2005.08.12"]
[EventType "swiss"]
[EventRounds "9"]
[EventCountry "ESP"]
[Source "lmi"]
[SourceDate "2005.08.19"]

1. e4 c5 2. Nf3 d6 3. d4 cxd4 4. Nxd4 Nf6 5. Nc3 a6 6. Bg5 Nbd7 7. Bc4 e6 8.
O-O h6 9. Bh4 g5 10. Bg3 Ne5 11. Bb3 b5 12. Qe2 Bb7 13. Rad1 Qc7 14. f4 gxf4
15. Rxf4 Be7 16. Bh4 Qd8 17. Rdf1 b4 18. Ba4+ Nfd7 19. Rxf7 Nxf7 20. Rxf7 bxc3
21. bxc3 Bxh4 22. Qh5 Qe7 23. Rxe7+ Kxe7 24. Qxh4+ Nf6 25. Qh3 Bc8 26. Nc6+ Ke8
27. e5 Nd5 28. c4 Nb6 29. Qh5+ Kf8 30. Qf3+ Ke8 31. Qf6 Rh7 32. Qd8+ Kf7 33.
Qxb6 1-0